Statistics for Daily Country Riddle #32

Click here to take the quiz!

General Stats

  • This quiz has been taken 143 times
  • The average score is 12 of 13

Answer Stats

TypeAnswer% Correct
Found LetterA
100%
Found LetterN
98%
Correctly Placed LetterA
95%
Found LetterA
93%
Found LetterC
93%
Found LetterD
93%
Correctly Placed LetterA
92%
Correctly Placed LetterA
89%
Correctly Placed LetterD
89%
Correctly Placed LetterN
89%
Found LetterA
88%
Correctly Placed LetterC
88%
Mystery CountryCanada
88%

Score Distribution

Percentile by Number Answered

Percent of People with Each Score

Your Score History

You have not taken this quiz